Design of a Hybrid Access Network for SEECS, Sector H-12, Islamabad / (Record no. 566342)
[ view plain ]
| 000 -LEADER | |
|---|---|
| fixed length control field | 00620nam a22001697a 4500 |
| 020 ## - INTERNATIONAL STANDARD BOOK NUMBER | |
| Qualifying information | Hard Cover. |
| 082 ## - DEWEY DECIMAL CLASSIFICATION NUMBER | |
| Classification number | BICSE-6 ANA |
| 100 ## - MAIN ENTRY--PERSONAL NAME | |
| Personal name | Anam Tahir. |
| 245 ## - TITLE STATEMENT | |
| Title | Design of a Hybrid Access Network for SEECS, Sector H-12, Islamabad / |
| Statement of responsibility, etc. | Tahir, Anam : Mustafa, Syed |
| 260 ## - PUBLICATION, DISTRIBUTION, ETC. | |
| Place of publication, distribution, etc. | Islamabad: |
| Name of publisher, distributor, etc. | SEECS-NUST, |
| Date of publication, distribution, etc. | 2012. |
| 300 ## - PHYSICAL DESCRIPTION | |
| Extent | 71 p. : |
| Other physical details | ill. ; |
| Dimensions | 30cm. |
| 650 ## - SUBJECT ADDED ENTRY--TOPICAL TERM | |
| Topical term or geographic name entry element | Bachelor in Information and Computer Science Engineering . |
| 700 ## - ADDED ENTRY--PERSONAL NAME | |
| Personal name | Dr. Tauseef Tauqeer |
| 856 ## - Uniform Resource Identifier | |
| Uniform Resource Identifier | <a href="http://10.250.8.41:8080/xmlui/handle/123456789/32044">http://10.250.8.41:8080/xmlui/handle/123456789/32044</a> |
| 942 ## - ADDED ENTRY ELEMENTS (KOHA) | |
| Source of classification or shelving scheme | |
| Koha item type | Project Report |
| 650 ## - SUBJECT ADDED ENTRY--TOPICAL TERM | |
| -- | 55503 |
| 700 ## - ADDED ENTRY--PERSONAL NAME | |
| -- | 19289 |
| Withdrawn status | Lost status | Source of classification or shelving scheme | Damaged status | Not for loan | Permanent Location | Current Location | Shelving location | Date acquired | Total Checkouts | Full call number | Barcode | Date last seen | Price effective from | Koha item type |
|---|---|---|---|---|---|---|---|---|---|---|---|---|---|---|
| Central Library (CL) | Central Library (CL) | Thesis | 06/25/2021 | BICSE-6 ANA | SEECSP01172 | 06/25/2021 | 06/25/2021 | Project Report |
